000 00955 a2200253 4500
003 Nust
005 20221017111422.0
010 _a 76013591
020 _a0023071907
040 _cNust
082 0 0 _a620,BEA
100 1 _aBeakley, George C.
245 1 0 _aEngineering :
_ban introduction to a creative profession /
_cGeorge C. Beakley, H. W. Leach, with contributions by J. Karl Hedrick.
250 _a3rd ed.
260 _aNew York :
_bMacmillan,
_cc1977.
300 _axii, 548 p. :
_bill. ;
_c26 cm.
505 _aEngineering-The Profession in View (Page-1), Preparation for a Career in Engineering (Page-114), Preparation for Problem Solving (Page-157), Engineering Analysis (Page-256), Introduction to Engineering Design (Page-395).
650 0 _aEngineering design.
650 0 _aEngineering mathematics.
650 0 _aEngineering
_xVocational guidance.
_940490
700 1 _aLeach, H. W.
700 1 _aLeach, H. W.,
942 _2ddc
_cBK
999 _c181689
_d181689